| 000 | 00343 a2200109 4500 | ||
|---|---|---|---|
| 001 | ART_50174 | ||
| 005 | 20260410161809.0 | ||
| 008 | 260409a | ||
| 245 | 1 | 0 | _aTratamiento preconcursal de la insolvencia, hoy |
| 100 | 1 | _aTruffat, Edgardo Daniel | |
| 773 | 0 |
_tDoctrina Societaria y Concursal _g- N° 384 (nov. 2019) _wREV4298 |
|
| 999 |
_c21321 _d21321 |
||